La educación en cuatro años de revolución /
Salvato in:
| Ente Autore: | |
|---|---|
| Natura: | Libro |
| Lingua: | Spanish |
| Pubblicazione: |
León, Nicaragua
Nicaragua. Ministerio de Educación
1983
|
| Soggetti: | |
| Tags: |
Aggiungi Tag
Nessun Tag, puoi essere il primo ad aggiungerne!!
|
MARC
| LEADER | 00000nam a22000007a 4500 | ||
|---|---|---|---|
| 003 | cru CIDCACS/IIS | ||
| 005 | 20231010113514.0 | ||
| 008 | 180601b1983 nq od||| |||| 00| 0 spa d | ||
| 040 | |c cru CIDCACS/IIS | ||
| 090 | |a 06.03.04 N583e | ||
| 110 | 1 | |9 7330 |a Nicaragua. |b Ministerio de Educación. | |
| 245 | 1 | 3 | |a La educación en cuatro años de revolución / |c Ministerio de Educación |
| 260 | |a León, Nicaragua |b Nicaragua. Ministerio de Educación |c 1983 | ||
| 300 | |a 220 páginas | ||
| 500 | |a Colección Alforja | ||
| 650 | 1 | 7 | |9 944 |a EDUCACION |
| 650 | 1 | 7 | |9 137 |a REVOLUCION |
| 650 | 1 | 0 | |a POLITICA EDUCATIVA |9 3154 |
| 650 | 1 | 7 | |9 2185 |a SISTEMAS DE ENSEÑANZA |
| 650 | 4 | |9 2646 |a RELACIONES INTERNACIONALES | |
| 942 | |2 ddc |c LI | ||
| 999 | |c 41505 |d 41505 | ||
